Polskie kluby według przydomków - Statystyki

Ogólne statystyki
  • Ten quiz został rozwiązany 47 razy
  • Średni wynik to 7 z 15
Statystyki odpowiedzi
Przydomek Klub % Poprawnych
Duma Podlasia Jagiellonia Białystok
100%
Portowcy Pogoń Szczecin
100%
Biała Gwiazda Wisła Kraków
96%
Kolejorz Lech Poznań
95%
Wojskowi Legia Warszawa
87%
Czarne Koszule Polonia Warszawa
86%
Scyzory Korona Kielce
83%
Miedziowi Zagłębie Lubin
83%
Pasy Cracovia Kraków
82%
Nafciarze Wisła Płock
80%
Medaliki Raków Częstochowa
77%
Słonie Bruk-Bet Termalica Nieciecza
74%
Niebiescy Ruch Chorzów
68%
Czerwona Armia Widzew Łódź
61%
Królowa Śląska Polonia Bytom
53%
Rycerze Wiosny ŁKS Łódź
42%
Żabole Górnik Zabrze
39%
Duma Lubelszczyzny Górnik Łęczna
30%
Żubry Puszcza Niepołomice
24%
Łowcy Hanysów Zagłębie Sosnowiec
24%
Cebulorz KKS Kalisz
15%
Chluba Grodu Tura Chojniczanka Chojnice
11%
Gumiory Hutnik Kraków
10%
Budowlani Lechia Gdańsk
10%
Chłopcy z Drogi Dębińskiej Warta Poznań
10%
Żurawie Stal Rzeszów
9%
Malta Resovia Rzeszów
6%
Chagiery Chrobry Głogów
5%
Wikingowie Południa Odra Opole
4%
Duma Dzielnicy Świt Szczecin
0%
Nie znaleziono quizów pasujących do podanych kryteriów
Rozkład punktacji
Procent ludzi z każdym wynikiem
Percentyl według liczby udzielonych odpowiedzi
Twoja historia wyników
Nie rozwiązałeś tego quizu